Tun Tan Siew Sin

Bibliographic Details
Main Author: Siti Mariam Daud
Format: Book
Published: Kuala Lumpur : Jade Green Publications , 1996
Subjects:

MARC

LEADER 00000cam a2200000 7i4500
001 0000009037
002 000009847
005 20000330.0
020 |a 9839293052 
090 0 0 |a 920   |b SIT 
100 0 |a Siti Mariam Daud 
245 1 0 |a Tun Tan Siew Sin   |c Siti Mariam Daud 
260 |a Kuala Lumpur :   |b Jade Green Publications ,   |c 1996 
300 |a 58p. :   |b ill ;   |c 17cm. 
650 0 0 |a Tun Tan Siew Sin 1916   |x Biography 
999 |a 051760   |b BUKU   |c MALAYSIANA   |e PERPUSTAKAAN KOMUNITI PETALING JAYA 
999 |a 051761   |b BUKU   |c PINJAMAN   |e PERPUSTAKAAN KOMUNITI PETALING JAYA 
999 |a 051762   |b BUKU   |c MALAYSIANA   |e PERPUSTAKAAN KOMUNITI PETALING JAYA 
999 |a 053841   |b BUKU   |c PINJAMAN   |e PERPUSTAKAAN KOMUNITI CAW KOTA DAMANSARA 
999 |a 053842   |b BUKU   |c PINJAMAN   |e PERPUSTAKAAN KOMUNITI CAW KOTA DAMANSARA